ბათუმის შოთა რუსთაველის სახელმწიფო უნივერსიტეტის ბიბლიოთეკა

Клиническая медицина:CLINICAL MEDICINE .Том 94. №11, 2016. (ბიბ.ჩანაწერი № 53130)

000 -LEADER
fixed length control field 00675nam a2200217Ia 4500
001 - CONTROL NUMBER
control field 20169
003 - CONTROL NUMBER IDENTIFIER
control field GE_BSU
008 - FIXED-LENGTH DATA ELEMENTS--GENERAL INFORMATION
fixed length control field 181216s||||||||xx |||||||||||||| ||und||
040 ## - CATALOGING SOURCE
Transcribing agency GE_BSU
245 ## - TITLE STATEMENT
Title Клиническая медицина:CLINICAL MEDICINE .Том 94. №11, 2016.
245 ## - TITLE STATEMENT
Statement of responsibility, etc. Гл. ред. В.Б.Симоненко.
260 ## - PUBLICATION, DISTRIBUTION, ETC.
Place of publication, distribution, etc. Подольск
260 ## - PUBLICATION, DISTRIBUTION, ETC.
Name of publisher, distributor, etc. ООО "Подольская периодика
260 ## - PUBLICATION, DISTRIBUTION, ETC.
Date of publication, distribution, etc. 2016
300 ## - PHYSICAL DESCRIPTION
Extent 804-880 стр. 30см.
653 ## - INDEX TERM--UNCONTROLLED
Uncontrolled term Клиническая медицина
653 ## - INDEX TERM--UNCONTROLLED
Uncontrolled term Периодика
653 ## - INDEX TERM--UNCONTROLLED
Uncontrolled term Том 94. №11, 2016.
653 ## - INDEX TERM--UNCONTROLLED
Uncontrolled term პერიოდიკა
942 ## - ADDED ENTRY ELEMENTS (KOHA)
Koha item type პერიოდიკა
ეგზემპლარები
Withdrawn status Lost status Damaged status Not for loan Date acquired Barcode Date last seen Price effective from Koha item type Public note
        2018-12-17 р 78354 2018-12-17 2018-12-17 პერიოდიკა პერიოდიკა